| 000 | 00454cam a2200181ua 4500 | ||
|---|---|---|---|
| 020 | _c34.50 | ||
| 041 |
_aeng _h |
||
| 082 |
_a660.281 _bNOR/CH |
||
| 100 | _aNorris, Shreve.R . | ||
| 245 |
_aChemical process industries / _cR Norris Shreve. _hTextual Documents |
||
| 250 |
_a2 / _b. |
||
| 260 |
_aNew York : _bMcGraw Hill Book Company , _c1956. |
||
| 300 | _a1004 ; . | ||
| 365 | _a34.50 | ||
| 504 | _a | ||
| 942 | _cBK | ||
| 999 |
_c2655 _d2655 |
||